Events management / (Record no. 24244)
[ view plain ]
| 000 -LEADER | |
|---|---|
| fixed length control field | 00616nam a2200217 a 4500 |
| 005 - DATE AND TIME OF LATEST TRANSACTION | |
| control field | 20140310183514.0 |
| 008 - FIXED-LENGTH DATA ELEMENTS--GENERAL INFORMATION | |
| fixed length control field | 110105s19uu xx 00 eng d |
| 020 ## - INTERNATIONAL STANDARD BOOK NUMBER | |
| International Standard Book Number | 978184936822 |
| 050 ## - LIBRARY OF CONGRESS CALL NUMBER | |
| Classification number | GT 3405 |
| Item number | .Ev96 2010 |
| 245 ## - TITLE STATEMENT | |
| Title | Events management / |
| Statement of responsibility, etc | edited by Peter Robinson. |
| 260 ## - PUBLICATION, DISTRIBUTION, ETC. (IMPRINT) | |
| Place of publication, distribution, etc | United Kingdom : |
| Name of publisher, distributor, etc | CABI International, |
| Date of publication, distribution, etc | 2010. |
| 300 ## - PHYSICAL DESCRIPTION | |
| Extent | 252 p. : |
| Dimensions | 25 cm. |
| 521 ## - TARGET AUDIENCE NOTE | |
| Target audience note | |
| 650 ## - SUBJECT ADDED ENTRY--TOPICAL TERM | |
| Topical term or geographic name as entry element | Special events-Management. |
| 650 ## - SUBJECT ADDED ENTRY--TOPICAL TERM | |
| Topical term or geographic name as entry element | Special events-Planning. |
| 700 ## - ADDED ENTRY--PERSONAL NAME | |
| Personal name | edited by: Peter Robinson |
| 700 ## - ADDED ENTRY--PERSONAL NAME | |
| Personal name | Debra Wale |
| 700 ## - ADDED ENTRY--PERSONAL NAME | |
| Personal name | Geoff Dickson |
| 942 ## - ADDED ENTRY ELEMENTS (KOHA) | |
| Koha item type | Books |
| Source of classification or shelving scheme | Library of Congress Classification |
| Call number prefix | Foreign |
| Withdrawn status | Lost status | Source of classification or shelving scheme | Damaged status | Home library | Current library | Shelving location | Date acquired | Source of acquisition | Total Checkouts | Full call number | Barcode | Date last seen | Date checked out | Copy number | Price effective from | Koha item type |
|---|---|---|---|---|---|---|---|---|---|---|---|---|---|---|---|---|
| Library of Congress Classification | College Library | College Library | General Circulation Section | 01/05/2011 | Donation | 1 | GT 3405 .Ev96 2010 | C11671 | 05/15/2018 | 03/02/2018 | 1 | 03/10/2014 | Books |